[Event "Oberliga NRW 0506"]
[Site "Germany"]
[Date "2006.05.07"]
[Round "9.8"]
[White "Sommerfeld, Juergen"]
[Black "Burchert, Wolfgang"]
[Result "0-1"]
[WhiteElo "1566"]
[BlackElo "2144"]
[PlyCount "60"]
[EventDate "2005.09.25"]
[EventType "team-tourn"]
[EventRounds "9"]
[EventCountry "GER"]
[SourceTitle "EXT 2007"]
[Source "ChessBase"]
[SourceDate "2006.11.23"]
[SourceVersion "1"]
[SourceVersionDate "2006.11.23"]
[SourceQuality "1"]
[WhiteTeam "Gelsenkirchen Hassel"]
[BlackTeam "Dortmund Hansa"]
[WhiteTeamCountry "GER"]
[BlackTeamCountry "GER"]

1. e4 c5 2. Nf3 d6 3. d4 cxd4 4. Nxd4 Nf6 5. Nc3 a6 6. Be2 e6 7. Be3 Be7 8. 0-0 0-0 9. f4 Qc7 10. Kh1 Nc6 11. Qe1 Bd7 12. Nb3 b5 13. Bf3 Rac8 14. a3 b4 15. axb4 Nxb4 16. Qf2 Bc6 17. Bb6 Qb8 18. Ba7 Qa8 19. Rfe1 Nxc2 20. Na5 Nxe1 21. Nxc6 Qxc6 22. Rxe1 Nd7 23. Be3 Nc5 24. Qe2 Rb8 25. Rb1 Na4 26. Nxa4 Qxa4 27. Bc1 Rfc8 28. Qd3 Rb3 29. Bd1 Rxd3 30. Bxa4 Rd4 0-1